00688nam a22002057a 4500999001500000001000600015003000900021005001700030008004100047022001300088040003800101082001700139245007500156260005100231300004200282650001300324700001900337942001200356952011400368 c6247d624718986BD-DhUAP20201228104553.0201228s2014 bg a|||| |||| 00| 0 eng d a18161081 aBD-DhUAPbEngcBD-DhUAPdBD-DhUAP 223a530 BAN  aBangladesh journal of physics /cedited by M. Ali Asgar ... [et al.]. aDhaka :bBangladesh Physical Society, cc2014. a113 pages :billustrations ;c25 cm.  aPhysics. aAsgar, M. Ali. 2ddccBK 00102ddc4070aUAPCLbUAPCLcGeneral Stacksd2020-12-28o530 BANp3010018986r2020-12-28t1w2020-12-28yBK